000 01194nam a2200325 c 4500
003 BLK
005 20250118151037.0
008 180411b bul|||||r ||||||| ||bul||
010 _aKNG00208768000
040 _aBLK
041 _aBUL
_cBUL
080 _aБългария през Втората световна война (1939-1944)
_b94(497.2)"1939/1944"
_x(093.3)
_z94(497.2)"1939/1944"(093.3)
100 1 _aЗографски, Иван
_eпърви автор
_9348662
139 _aЗографски, Иван
_bЗ 84
245 1 0 _aБез право на обжалване
_bСпомени
_cИван Зографски.
257 _aBGR
260 София
_bВоен. изд.
_c1990
300 _a144 с. 4 л.
_bил., портр.
_c20 см
380 _a9
650 0 _aБългария - история - спомени
_9268742
653 _aистория
653 _aБългария
653 _aантифашистка борба
852 _aЦб 161406
856 4 _qpdf
_u
856 4 _qpdf
_u
942 _cKNG
_n0
944 _aCR
_c28.06.2017
_k30560
_lГеновева Генчева
944 _aED
_c28.06.2017
_kХристина_Везирева
999 _c199391
_d199391